| 000 | 00426cam a2200169ua 4500 | ||
|---|---|---|---|
| 041 |
_aeng _h |
||
| 082 |
_a621.4025 _bPAT/EL |
||
| 100 | _aPatel, R C . | ||
| 245 |
_aElements of heat engines vol-1 / _cR C Patel. _hTextual Documents |
||
| 250 |
_a4 / _b. |
||
| 260 |
_aBaroda : _bAcharya book depot , _c1968. |
||
| 300 | _a427 ; . | ||
| 504 | _a | ||
| 700 | 1 | _aKaramchandani, C J . | |
| 942 | _cBK | ||
| 999 |
_c8819 _d8819 |
||